000 02100nam0a2200421 4500
001 RU\NLR\BIBL_A\022277716
005 20260420012142.0
010 _a978-5-00228-191-6
021 _aRU
_bКН-П-24-031954
_9КН-П-24-3234
035 _a(NLR Aleph) 022277716
090 _a13660628
_c13660628
100 _a20240715d2024 u y0rusy50 ca
101 1 _arus
_cund
102 _aRU
_aNL
105 _af w 000yy
181 0 _ai3
_baxxe
182 0 _an
200 1 _aГермес Трисмегист. Изумрудная скрижаль и герметический свод
_eегипетский первоначальный гнозис и его зов в вечном настоящем, провозглашенный и заново объясненный
_e[перевод]
_fЯн ван Рэйкенборг
_gМеждународная Школа Золотого Розенкрейца, lectorium Rosicrucianum
203 _aТекст
_bвизуальный
_cнепосредственный
205 _a2-е изд.
210 _aМосква
_cАмрита-Русь
_cКнига
_aHaarlem, Nederland
_cRozekruis Pers
_d2024
215 _a476 с., [1] л. цв. ил.
_d20
225 1 _aЕгипетский первоначальный гнозис
300 _aНа корешке загл.: Гермес Трисмегист
333 _aДля лиц старше 16 лет
606 1 _aГерметизм
_92558696
_3RU\NLR\AUTH\661513669
606 1 _aРозенкрейцеры
_91588483
_3RU\NLR\AUTH\66697881
606 1 _aГностицизм
_xИстория
_xОригинальные теории
_92463744
_3RU\NLR\AUTH\661463755
686 1 _aЭ391,0
686 1 _aЭ391.3-36
686 2 _aЭ371.2я9
700 1 _7ca
_8rus
_aРейкенборг
_bЯ.
_f1896-1968
_gЯн ван
_9119183
_3RU\NLR\AUTH\779350
702 1 _4280
_7ca
_8rus
_aГермес Трисмегист
_9119894
_3RU\NLR\AUTH\7710110
942 _cBOOK
980 _aNB